La cultura sexual en Nicaragua
Gorde:
| Egile nagusia: | |
|---|---|
| Formatua: | Texto |
| Argitaratua: |
Managua:
Centro de Investigaciones de la Comunicación CINCO
|
| Etiketak: |
Etiketa erantsi
Etiketarik gabe, Izan zaitez lehena erregistro honi etiketa jartzen!
|
MARC
| LEADER | 00000 a a2200000 04500 | ||
|---|---|---|---|
| 001 | 18295 | ||
| 003 | |||
| 040 | |||
| 090 | |a 142700 | ||
| 100 | |a Montenegro, Sofía | ||
| 245 | |a La cultura sexual en Nicaragua | ||
| 260 | |a Managua: |b Centro de Investigaciones de la Comunicación CINCO | ||
| 300 | |a xviii, 246 p. | ||
| 300 | |b **no definido** |b fonodiscos | ||
| 999 | |c 12116 |d 12116 | ||
